000 00691nam a2200229Ia 4500
001 2018
003 GE_BSU
008 181216s||||||||xx |||||||||||||| ||und||
020 _a5891238675
040 _cGE_BSU
080 _a343.2/7(075.8)
245 _aУголовное право.Общая и особенная части
245 _bУчебник. для студ.вузов.
245 _cПод ред.М.П.Журавлева и С.Н.Никулина
260 _aМосква
260 _bНорма
260 _c2004
300 _a816стр.
541 _h25л.
653 _aУголовное право.Общая и особенная части
942 _cBK
999 _c36118
_d36118